| 000 | 00887nam a2200301 a 4500 | ||
|---|---|---|---|
| 001 | 101882 | ||
| 003 | ES-SlBCS | ||
| 005 | 20210327224046.0 | ||
| 008 | 131126r19731972sp b 001 0 spa d | ||
| 020 | _a8431612118 | ||
| 040 |
_aUSPCEU-SEF/UAO-IMR. _bspa _dES-SlBCS |
||
| 080 | _a946.0"15/18" | ||
| 100 | 1 |
_aElliott, J. H. _996585 |
|
| 245 | 1 | 3 |
_aLa España Imperial : _b1469-1716 / _cJ. H. Elliott ; traducción de J. Marfany |
| 250 | _a4a ed., 1a reimpr | ||
| 260 |
_aBarcelona : _bVicens-Vives, _c1973 |
||
| 300 |
_a454 p. : _b mapes |
||
| 490 | 1 | _aColección U | |
| 504 | _aNotes. Bibliografia. Índex | ||
| 650 | 0 | 4 |
_aHistoria _92130 |
| 650 | 0 | 4 |
_aHistoria _92130 |
| 650 | 0 | 4 |
_a1469-1716 _996586 |
| 651 | 4 |
_aEspaña _942201 |
|
| 651 | 4 |
_aEspaña _942201 |
|
| 700 | 1 |
_aMarfany, J., _etrad _996587 |
|
| 830 | 0 |
_aColección U (Vicens-Vives) _996588 |
|
| 942 |
_2lcc _cBK |
||
| 999 |
_c456804 _d456804 |
||